000
00344 a2200169 4500
001
45224
020
_a
9788574122465
040
_c
Anchieta - Aquarius
100
_a
Martin, Ruth
240
1
0
_a
Oceanos
_l
por
245
1
0
_a
Oceanos
300
_a
362
0
_a
2009
440
1
_a
Brinque-book
650
4
_a
Literatura infantil
942
_c
BK
999
_c
45224
_d
45224